000 nam a22 7a 4500
999 _c27391
_d27391
008 170208b xxu||||| |||| 00| 0 eng d
050 _aND 813 .M5A4 1980
100 _aMillard, Charles W.
_d1980
245 _aMiro selected paintings/
_cCharles W. Millard.
260 _aWashington:
_bSmithsonian institution press,
_c1980.
300 _a94p.:
_bill.;
_c26cm.
942 _2lcc
_cBOOKS
_hND 813 .M5A4 1980